01530nam a2200289 a 450000100100000000500170001000800410002704000250006808200200009310000410011324501040015426000420025830000280030050000640032859000260039265000300041865000280044865000310047670000370050791000380054495201330058295201330071595201330084895201180098195201240109999900170122300001331220260303133932.0091123s1997 dr a 000 h spa d aDO-SdBNPbspacBNPHU aRD867.44bA347v1 aAlcántara, Emeterio,d1963-93050910aVivencias para reír y meditar /cEmeterio Alcántara ; presentación Jacobo Moquete de la Rosa. aSanto Domingo :bIM Impresora,c1997. a175 p. :bil. ;c21 cm. aIncluye datos biográficos del autor en la contracubierta. aInventariado, 2018/BT 0aHumorismo dominicano9275 0aPoesía dominicana966 0aLiteratura dominicana.96712aMoquete de la Rosa, Jacobo91678 aValidado. Control de calidad. MFF 001054708DSaGRbGRcHDd2009-11-23iLF1l0oRD867.44 A347vp13312-30r2020-06-25te. 3w2020-06-25yLFDSZPréstamo en sala 001054708DSaGRbGRcHDd2009-11-23iLF1l0oRD867.44 A347vp13312-40r2020-06-25te. 4w2020-06-25yLFDSZPréstamo en sala 001054708DSaGRbGRcHDd2018-07-17iLF1l0oRD867.44 A347vp13312-50r2020-06-25te. 5w2020-06-25yLFDSZPréstamo en sala 0010718PDaPDbPDcHDd2009-11-23iLF1l0oRD867.44 A347vp13312-10r2020-06-25w2020-06-25yLFPDZNo se presta 0010718PDaPDbPDcHDd2009-11-23iLF1l0oRD867.44 A347vp13312-20r2020-06-25te. 2w2020-06-25yLFPDZNo se presta c12942d12942